| 000 | 00359pab a2200157 454500 | ||
|---|---|---|---|
| 008 | 180718b2009 xxu||||| |||| 00| 0 eng d | ||
| 100 | _aMulimani, V.H. | ||
| 245 | _aDr. Radhakrishnan's vision on education | ||
| 260 | _c2009 | ||
| 300 | _ap.1-3. | ||
| 362 | _a31 Aug | ||
| 650 | _aEducation | ||
| 773 | _aUniversity News | ||
| 908 | _aN | ||
| 909 | _a83660 | ||
| 999 |
_c83660 _d83660 |
||